Honest Mistakes Quiz Stats

 Plays Quiz not verified by Sporcle

Challenge
Share
Tweet
Embed
Score 0/10 Timer 05:00
0 Plays Today
Description Name % Correct
That awesome show on Fox with Zooey Deschanel is nothing like that show on HBO.???
87.5%
Not the lion that shares Darth Vader's voice. The location of the battle where Vader lost his limbs.???
75%
Are we talking about the 2001: A Space Odyssey astronaut who went to Saturn to find aliens involved with early man, or the android astronaut from Prometheus ???
62.5%
Wait so both Deadpool and Deathstroke are regenerating gun toting mercenaries and their real names are that similar.???
50%
Umm do you mean Rukia's brother from Bleach or the special ninja art of the Hyuga clan????
25%
You might be confusing the name of the card game from the Yugioh anime with this similarly titled show that was on Cartoonnetwork. No not GX!???
25%
Yuna's cousin or Sora's best friend????
25%
Who the heck plays Darkstalkers? This is the Black Cat we are talking about.???
12.5%
Crap, on that test instead of naming an American breed of snake I might have put down one of the aliens from Ben 10.???
12.5%
No, not they guy who became nightmare the angry knight from the Dominic Deegan webcomic.???
0%

You're not logged in!

Compare scores with friends on all Sporcle quizzes.
Join for Free
OR
Log In

You Might Also Like...

Show Comments

Extras

Top Quizzes Today


Score Distribution

Your Account Isn't Verified!

In order to create a playlist on Sporcle, you need to verify the email address you used during registration. Go to your Sporcle Settings to finish the process.

Report this User

Report this user for behavior that violates our Community Guidelines.

Details: